Save Britain`s Heritage v Number 1 Poultry and Others (Record no. 29459)
[ view plain ]
| 000 -LEADER | |
|---|---|
| fixed length control field | 01512cab a2200205 4500 |
| 001 - CONTROL NUMBER | |
| control field | ABS44318 |
| 008 - FIXED-LENGTH DATA ELEMENTS--GENERAL INFORMATION | |
| fixed length control field | 090401t1991 xxu||||| |||| 00| 0 eng d |
| 035 ## - SYSTEM CONTROL NUMBER | |
| System control number | (Sirsi) u46563 |
| 041 ## - LANGUAGE CODE | |
| Language code of text/sound track or separate title | eng |
| 245 ## - TITLE STATEMENT | |
| Title | Save Britain`s Heritage v Number 1 Poultry and Others |
| 260 ## - PUBLICATION, DISTRIBUTION, ETC. | |
| Date of publication, distribution, etc. | 1991 |
| 350 ## - PRICE (NR) (BK AM CF MU VM SE) [OBSOLETE] | |
| Price | 0 |
| 490 ## - SERIES STATEMENT | |
| Series statement | Weekly Law Reports |
| Volume/sequential designation | (1991) 1 WLR 153-172(20) |
| 520 ## - SUMMARY, ETC. | |
| Summary, etc. | HL 28 February 1991. HL reversed CA decision (Abstract 43728) allowing a listed building to be replaced on grounds of architectural merit. The owners Number 1 Poultry proposed a redevelopment of eight Grade II listed buildings in a designated conservation area in the City of London and their replacement by a single modern building. Local planning authority refused application for planning permission . On hearing N`s appeal, the SOS after accepting his Inspector`s recommendations that the architectural merits of the proposed replacement, decided to over-ride his stated policy set out in DOE Circular 8/87 . Judge dismissed an objector`s application under Town and Country Planning Act 1971 s245 that the SOS had failed to give sufficient reasons for his decision as required under Town and Country Planning (Inquiries Procedure) Rules 1988 17(1) . Save Britain`s Heritage (S) appealed to CA. CA quashed the SOS`s decision. N appealed to HL. HL allowed the appeal. It was held that their repla |
| 650 ## - SUBJECT ADDED ENTRY--TOPICAL TERM | |
| Topical term or geographic name entry element | DEMOLITION |
| 650 ## - SUBJECT ADDED ENTRY--TOPICAL TERM | |
| Topical term or geographic name entry element | PALUMBO |
| 690 ## - LOCAL SUBJECT ADDED ENTRY--TOPICAL TERM (OCLC, RLIN) | |
| Topical term or geographic name as entry element | PLANNING LAW AND PRACTICE-CASE LAW |
| 942 ## - ADDED ENTRY ELEMENTS (KOHA) | |
| Suppress in OPAC | 0 |
| 948 ## - LOCAL PROCESSING INFORMATION (OCLC); SERIES PART DESIGNATOR (RLIN) | |
| c (OCLC) | 04/03/1997 |
| Withdrawn status | Lost status | Source of classification or shelving scheme | Damaged status | Not for loan | Home library | Current library | Shelving location | Date acquired | Total Checkouts | Full call number | Barcode | Date last seen | Copy number | Price effective from | Koha item type |
|---|---|---|---|---|---|---|---|---|---|---|---|---|---|---|---|
| Dewey Decimal Classification | London | London | Journal article | 14/09/1999 | ABS44318 | 46563-1001 | 06/08/2019 | 1 | 06/08/2019 | Law report |